000 00332nam a22001457a 4500
008 210426b ||||| |||| 00| 0 eng d
020 _a9780804722261
041 _aeng
080 _22nd
_a316
082 _a316
100 _a50
101 _aSOC
245 _aNew Rules of Sociological Method
_cAnthony Giddens
942 _2udc
_cBK
999 _c56742
_d56742